[Event "8th RTU Open 2018"]
[Site "Riga"]
[Date "2018.08.06"]
[Round "1"]
[White "Polyakov, Fedor"]
[Black "Bernotas, Arturs"]
[Result "0-1"]
[WhiteElo "2126"]
[BlackElo "2406"]
[Annotator "NA"]
[PlyCount "121"]
[EventDate "2018.08.06"]
[EventType "swiss"]
[EventCountry "LAT"]
[SourceTitle "playchess.com"]
[Source "ChessBase"]
[SourceQuality "1"]
[TimeControl "5400+30"]

1. d4 {[%emt 0:00:00]} Nf6 {[%emt 0:00:07]} 2. c4 {[%emt 0:00:00]} e6 {[%emt 0:00:13]} 3. a3 {[%emt 0:00:00]} d5 {[%emt 0:02:19]} 4. Nc3 {[%emt 0:00:00]} c5 {[%emt 0:03:52]} 5. e3 {[%emt 0:01:01]} cxd4 {[%emt 0:01:08]} 6. exd4 {[%emt 0:00:07]} Be7 {[%emt 0:00:27]} 7. Nf3 {[%emt 0:01:48]} O-O {[%emt 0:00:19]} 8. Bd3 {[%emt 0:07:06]} b6 {[%emt 0:02:14]} 9. O-O {[%emt 0:03:16]} Ba6 {[%emt 0:02:33]} 10. cxd5 {[%emt 0:05:07]} Bxd3 {[%emt 0:00:58]} 11. Qxd3 {[%emt 0:00:08]} Nxd5 {[%emt 0:00:16]} 12. Qe4 {[%emt 0:01:16]} Nc6 {[%emt 0:01:13]} 13. Nxd5 {[%emt 0:07:13]} exd5 {[%emt 0:00:11]} 14. Qd3 {[%emt 0:03:05]} Bf6 {[%emt 0:01:50]} 15. Bf4 {[%emt 0:01:26]} Re8 {[%emt 0:01:52]} 16. Rfe1 {[%emt 0:01:17]} Qd7 {[%emt 0:00:20]} 17. Be5 {[%emt 0:11:04]} Be7 {[%emt 0:10:12]} 18. Rac1 {[%emt 0:04:59]} Rac8 {[%emt 0:08:48]} 19. b4 {[%emt 0:09:21]} Bf8 {[%emt 0:13:19]} 20. h3 {[%emt 0:09:55]} f6 {[%emt 0:10:59]} 21. Bf4 {[%emt 0:02:36]} Ne7 {[%emt 0:00:33]} 22. Rxc8 {[%emt 0:11:43]} Rxc8 {[%emt 0:01:56]} 23. Rc1 {[%emt 0:01:53]} Rxc1+ {[%emt 0:03:00]} 24. Bxc1 {[%emt 0:00:00]} Qc6 {[%emt 0:00:46]} 25. Bd2 {[%emt 0:01:40]} b5 {[%emt 0:03:52]} 26. Ne1 {[%emt 0:04:42]} Nc8 {[%emt 0:00:28]} 27. Qc3 {[%emt 0:01:57]} Qxc3 {[%emt 0:02:25]} 28. Bxc3 {[%emt 0:00:01]} Nb6 {[%emt 0:00:09]} 29. Nc2 {[%emt 0:01:24]} g6 {[%emt 0:00:47]} 30. Bd2 {[%emt 0:01:18]} Bd6 {[%emt 0:00:24]} 31. Kf1 {[%emt 0:01:43]} Nc4 {[%emt 0:00:19]} 32. Ke2 {[%emt 0:02:30]} Kf7 {[%emt 0:00:11]} 33. Bc1 {[%emt 0:03:07]} Ke6 {[%emt 0:00:19]} 34. Kf3 {[%emt 0:00:23]} Bf8 {[%emt 0:01:06]} 35. Ne1 {[%emt 0:02:26]} Kd7 {[%emt 0:02:26]} 36. Nc2 {[%emt 0:01:21]} Kc6 {[%emt 0:00:31]} 37. Ke2 {[%emt 0:01:01]} Bd6 {[%emt 0:00:32]} 38. Kf3 {[%emt 0:00:34]} Kd7 {[%emt 0:03:19]} 39. Bf4 {[%emt 0:00:17]} Bf8 {[%emt 0:00:43]} 40. Bb8 {[%emt 0:00:36]} a6 {[%emt 0:00:19]} 41. Bf4 {[%emt 0:00:02]} Ke6 {[%emt 0:01:00]} 42. Bc1 {[%emt 0:00:21]} h5 {[%emt 0:01:37]} 43. g4 {[%emt 0:01:01]} Nd6 {[%emt 0:02:36]} 44. Ne1 {[%emt 0:00:27]} Nc4 {[%emt 0:01:52]} 45. Nd3 {[%emt 0:00:45]} hxg4+ {[%emt 0:00:19]} 46. hxg4 {[%emt 0:00:11]} g5 {[%emt 0:00:05]} 47. Ne1 {[%emt 0:00:47]} Be7 {[%emt 0:00:31]} 48. Nc2 {[%emt 0:00:26]} Bd6 {[%emt 0:00:26]} 49. Ne1 {[%emt 0:00:28]} Bc7 {[%emt 0:01:23]} 50. Nc2 {[%emt 0:00:40]} Bb6 {[%emt 0:00:17]} 51. Kg3 {[%emt 0:00:22]} Kf7 {[%emt 0:00:57]} 52. Kf3 {[%emt 0:00:35]} Nd6 {[%emt 0:00:47]} 53. Ke2 {[%emt 0:00:32]} Ke6 {[%emt 0:00:33]} 54. f3 {[%emt 0:00:22]} Bd8 {[%emt 0:00:17]} 55. Na1 {[%emt 0:00:37]} a5 {[%emt 0:01:07]} 56. Nc2 {[%emt 0:00:29]} Nc4 {[%emt 0:00:28]} 57. Ne3 {[%emt 0:00:33]} Bb6 {[%emt 0:01:16]} 58. Nc2 {[%emt 0:00:10]} Bc7 {[%emt 0:00:06]} 59. Ne1 {[%emt 0:00:49]} Bd6 {[%emt 0:00:23]} 60. Nc2 {[%emt 0:00:26]} a4 {[%emt 0:01:48]} 61. Ne1 {Ke5} 0-1

[Event "8th RTU Open 2018"]
[Site "Riga"]
[Date "2018.08.06"]
[Round "1"]
[White "Mitrandzas, Athanasios"]
[Black "Gokerkan, Cem Kaan"]
[Result "0-1"]
[WhiteElo "2121"]
[BlackElo "2404"]
[Annotator "NA"]
[PlyCount "92"]
[EventDate "2018.08.06"]
[EventType "swiss"]
[EventCountry "LAT"]
[SourceTitle "playchess.com"]
[Source "ChessBase"]
[SourceQuality "1"]
[TimeControl "5400+30"]

1. c4 g6 {[%emt 0:01:27]} 2. g3 {[%emt 0:00:00]} Bg7 {[%emt 0:01:06]} 3. Bg2 {[%emt 0:00:12]} e5 {[%emt 0:01:12]} 4. Nc3 {[%emt 0:00:20]} Nc6 {[%emt 0:01:02]} 5. e4 {[%emt 0:01:01]} d6 {[%emt 0:01:55]} 6. Nge2 {[%emt 0:00:38]} h5 {[%emt 0:08:23]} 7. h4 {[%emt 0:00:14]} Be6 {[%emt 0:07:10]} 8. d3 {[%emt 0:00:20]} Nge7 {[%emt 0:00:26]} 9. Nd5 {[%emt 0:01:08]} O-O {[%emt 0:03:47]} 10. O-O {[%emt 0:00:42]} Qd7 {[%emt 0:03:21]} 11. Bg5 {[%emt 0:05:43]} f6 {[%emt 0:03:01]} 12. Be3 {[%emt 0:00:13]} Rae8 {[%emt 0:06:09]} 13. Qd2 {[%emt 0:05:48]} Kh7 {[%emt 0:05:31]} 14. Rad1 {[%emt 0:14:52]} Ng8 {[%emt 0:08:43]} 15. d4 {[%emt 0:04:58]} Bh3 {[%emt 0:14:58]} 16. Bxh3 {[%emt 0:10:32]} Qxh3 {[%emt 0:00:21]} 17. Nxc7 {[%emt 0:00:10]} exd4 {[%emt 0:01:09]} 18. Nxd4 {[%emt 0:01:24]} Rxe4 {[%emt 0:07:18]} 19. Nxc6 {[%emt 0:05:55]} bxc6 {[%emt 0:08:46]} 20. Qxd6 {[%emt 0:01:57]} Rf7 {[%emt 0:00:54]} 21. Bf4 {[%emt 0:13:47]} Qc8 {[%emt 0:03:42]} 22. Rd4 {[%emt 0:12:52]} Rxf4 {[%emt 0:05:09]} 23. Qxf4 {[%emt 0:00:15]} f5 {[%emt 0:01:56]} 24. Ne6 {[%emt 0:07:20]} Qxe6 {[%emt 0:00:10]} 25. Rd6 {[%emt 0:00:08]} Qe8 {[%emt 0:01:14]} 26. Qd2 {[%emt 0:01:18]} Nf6 {[%emt 0:00:22]} 27. Qd3 {[%emt 0:02:09]} Ne4 {[%emt 0:02:13]} 28. Rd8 {[%emt 0:00:21]} Qe7 {[%emt 0:00:23]} 29. b3 {[%emt 0:00:22]} c5 {[%emt 0:01:02]} 30. Qd5 {[%emt 0:02:02]} Bd4 {[%emt 0:00:32]} 31. Kg2 {[%emt 0:00:25]} Nc3 {[%emt 0:00:55]} 32. Qa8 {[%emt 0:02:27]} Qb7+ {[%emt 0:00:19]} 33. Qxb7 {[%emt 0:02:31]} Rxb7 {[%emt 0:00:00]} 34. a4 {[%emt 0:00:34]} Kh6 {[%emt 0:00:53]} 35. Re1 {[%emt 0:00:43]} Rxb3 {[%emt 0:01:06]} 36. Rd7 {[%emt 0:00:09]} Ne4 {[%emt 0:00:08]} 37. Re2 {[%emt 0:00:27]} a5 {[%emt 0:00:56]} 38. Ra7 {[%emt 0:00:56]} Rb4 {[%emt 0:00:36]} 39. f3 {[%emt 0:00:08]} Nf6 {[%emt 0:00:22]} 40. Ree7 {[%emt 0:01:22]} Rb2+ {[%emt 0:00:13]} 41. Kh1 {[%emt 0:00:33]} Rb1+ {[%emt 0:00:04]} 42. Kg2 {[%emt 0:00:05]} Rb2+ {[%emt 0:00:03]} 43. Kh1 {[%emt 0:00:04]} g5 {[%emt 0:01:35]} 44. Rg7 {[%emt 0:03:30]} Rb1+ {[%emt 0:00:10]} 45. Kg2 {[%emt 0:00:06]} gxh4 {[%emt 0:00:36]} 46. gxh4 {[%emt 0:00:05]} Rg1+ {[%emt 0:00:04]} 0-1

[Event "8th RTU Open 2018"]
[Site "Riga"]
[Date "2018.08.06"]
[Round "1"]
[White "Pavlov, Sergey"]
[Black "Chekletsov, Egor"]
[Result "1-0"]
[WhiteElo "2003"]
[BlackElo "2171"]
[Annotator "NA"]
[PlyCount "61"]
[EventDate "2018.08.06"]
[EventType "swiss"]
[EventCountry "LAT"]
[SourceTitle "playchess.com"]
[Source "ChessBase"]
[SourceQuality "1"]
[TimeControl "5400+30"]

1. c4 {[%emt 0:00:00]} Nf6 {[%emt 0:00:00]} 2. g3 {[%emt 0:00:23]} c5 {[%emt 0:00:37]} 3. Bg2 {[%emt 0:00:12]} g6 {[%emt 0:00:17]} 4. Nf3 {[%emt 0:00:33]} Bg7 {[%emt 0:00:13]} 5. Nc3 {[%emt 0:00:36]} O-O {[%emt 0:00:49]} 6. d4 {[%emt 0:00:32]} cxd4 {[%emt 0:00:30]} 7. Nxd4 {[%emt 0:00:07]} Nc6 {[%emt 0:00:29]} 8. O-O {[%emt 0:00:30]} Nxd4 {[%emt 0:00:46]} 9. Qxd4 {[%emt 0:00:18]} d6 {[%emt 0:00:14]} 10. Qd3 {[%emt 0:04:10]} a5 {[%emt 0:05:38]} 11. Bd2 {[%emt 0:10:05]} Nd7 {[%emt 0:05:31]} 12. Qc2 {[%emt 0:03:49]} Nc5 {[%emt 0:07:33]} 13. b3 {[%emt 0:02:34]} Bd7 {[%emt 0:11:05]} 14. Rac1 {[%emt 0:07:00]} Bc6 {[%emt 0:03:03]} 15. Rfd1 {[%emt 0:06:42]} Bxg2 {[%emt 0:10:00]} 16. Kxg2 {[%emt 0:00:49]} Qb6 {[%emt 0:01:33]} 17. Nd5 {[%emt 0:06:18]} Qc6 {[%emt 0:01:13]} 18. f3 {[%emt 0:02:05]} Rfe8 {[%emt 0:04:07]} 19. Bg5 {[%emt 0:06:10]} Bf8 {[%emt 0:08:06]} 20. Qd2 {[%emt 0:06:57]} Ne6 {[%emt 0:05:16]} 21. Bh6 {[%emt 0:01:17]} Bg7 {[%emt 0:06:03]} 22. h4 {[%emt 0:04:57]} Bh8 {[%emt 0:05:43]} 23. h5 {[%emt 0:03:05]} a4 {[%emt 0:06:41]} 24. b4 {[%emt 0:11:37]} Nd4 {[%emt 0:11:38]} 25. hxg6 {[%emt 0:07:05]} hxg6 {[%emt 0:00:08]} 26. Be3 {[%emt 0:05:21]} Nf5 {[%emt 0:00:37]} 27. Bf2 {[%emt 0:01:27]} e6 {[%emt 0:01:05]} 28. b5 {[%emt 0:00:47]} Qd7 {[%emt 0:02:38]} 29. Nb6 {[%emt 0:00:24]} Qe7 {[%emt 0:00:06]} 30. Nxa8 {[%emt 0:00:49]} Rxa8 {[%emt 0:00:05]} 31. e4 {[%emt 0:02:06]} 1-0

[Event "8th RTU Open 2018"]
[Site "Riga"]
[Date "2018.08.08"]
[Round "4"]
[White "Kovalenko, Igor"]
[Black "Hedman, Erik"]
[Result "1-0"]
[WhiteElo "2641"]
[BlackElo "2370"]
[Annotator "TA"]
[PlyCount "63"]
[EventDate "2018.08.06"]
[EventType "swiss"]
[EventCountry "LAT"]
[SourceTitle "playchess.com"]
[Source "ChessBase"]
[SourceQuality "1"]

{[%evp 21,62,48,49,29,41,0,40,0,82,46,162,33,106,97,151,134,137,114,114,89,150,150,150,152,181,90,100,92,875,874,841,901,6106,896,871,852,2153,1798,29995,29996,29996,29997,29999]} 1. Nf3 c5 2. e4 Nc6 3. Nc3 d6 4. d4 cxd4 5. Nxd4 Nf6 6. Nb3 e6 7. f4 Be7 {B82: Sicilian Scheveningen: 6 f4} 8. Be3 O-O 9. Qf3 a6 10. O-O-O (10. Bd3 Qc7 11. O-O Re8 12. Kh1 Nb4 13. Rac1 Bd7 14. a3 Nxd3 15. cxd3 Bc6 16. Nd4 Qd7 17. g4 Qd8 18. f5 e5 19. Nxc6 bxc6 {1-0 (28) Movsesian,S (2677)-Thorhallsson,T (2423) Reykjavik 2017}) 10... Qc7 11. g4 {[%cal Bg2g4,Bg4g5,Bg5g6,Bg6f7][%mdl 32]} b5 {LiveBook: 4 Games} 12. g5 Nd7 13. h4 Nc5 $146 ({Predecessor:} 13... Bb7 14. h5 Rac8 15. g6 b4 16. h6 fxg6 17. Qh3 Rf7 18. hxg7 {0-1 (40) Labib,I (2426)-Hakki,I (2429) Beirut 2000}) 14. h5 Bb7 (14... b4 $11 15. Nb1 a5) 15. Kb1 Rfc8 (15... b4 $14) 16. Rh2 (16. Nxc5 $18 dxc5 17. g6) 16... Bf8 (16... b4 $14 17. Nxc5 dxc5) 17. g6 $1 $16 Rd8 (17... h6 $142) 18. Rhd2 b4 19. Ne2 a5 20. Nec1 Nd7 (20... Kh8 $142) 21. gxf7+ $1 Kh8 22. Bh3 {aiming for h6.} a4 {[#]} 23. Nd4 $36 {[%mdl 2048] White is really pushing.} ({Not} 23. Bxe6 axb3 24. Nxb3 Nf6 $14) (23. h6 $1 $18 {and White stays clearly on top.}) 23... Nxd4 24. Bxd4 d5 $2 {[%mdl 8192]} (24... e5 $16) 25. h6 $18 Nf6 26. Bxe6 dxe4 {[#]} 27. Qg3 (27. Bxf6 $142 $1 {[%mdl 512]} gxf6 28. Qg3 Qxf7 29. Bxf7 Bxh6 30. Rxd8+ Rxd8 31. Rxd8+ Bf8 32. Rxf8#) 27... Rxd4 28. Rxd4 Nh5 29. Qg5 Nxf4 30. hxg7+ {White mates.} Bxg7 31. Rd8+ Bf8 32. Qg8# {Precision: White = 55%, Black = 19%.} 1-0

[Event "8th RTU Open 2018"]
[Site "Riga"]
[Date "2018.08.08"]
[Round "4"]
[White "Bluebaum, Matthias"]
[Black "Manafov, Vugar Gulam"]
[Result "0-1"]
[WhiteElo "2637"]
[BlackElo "2215"]
[Annotator "TA"]
[PlyCount "86"]
[EventDate "2018.08.06"]
[EventType "swiss"]
[EventCountry "LAT"]
[SourceTitle "playchess.com"]
[Source "ChessBase"]
[SourceQuality "1"]

{[%evp 14,86,66,70,68,46,68,66,74,66,66,66,65,64,65,69,88,69,69,69,75,69,76,83,81,78,107,99,136,94,94,74,108,86,84,83,250,60,72,0,0,-64,-61,-77,-72,-72,-69,-104,-85,-86,-86,-96,-86,-93,-94,-123,-88,-285,-284,-397,-407,-667,-668,-662,-659,-690,-670,-781,-767,-1954,-1697,-29976,-29973,-29997,-29998]} 1. d4 Nf6 2. c4 e6 3. Nf3 Bb4+ 4. Nbd2 O-O 5. g3 d6 6. Bg2 Nc6 7. O-O {E11: Damenindisch (Bogoljubow-Variante)} e5 8. d5 {LiveBook: 8 Partien} Ne7 9. Nb3 {Weiß steht etwas besser.} Nd7 $146 ({Vorgänger:} 9... b6 10. a3 Bc5 11. Nxc5 bxc5 12. b4 Nd7 13. Ne1 a5 14. bxc5 Nxc5 15. Nd3 Nxd3 16. Qxd3 Qe8 17. Bd2 Qa4 18. Rfc1 Ba6 19. Qc3 Rfc8 20. Bh3 f5 21. Bg5 {1-0 (21) Rahman,Z (2511)-Abdulla,A (2514) Dhaka 2008}) 10. a3 Bc5 $1 11. Nxc5 Nxc5 12. b4 Nd7 13. e4 a5 14. Bb2 b6 15. Nd2 f5 16. exf5 Nxf5 17. Qc2 Qf6 18. Rae1 axb4 19. axb4 Nd4 20. Qd3 {Und f4 würde nun gewinnen.} Ra2 21. Bxd4 exd4 22. f4 Qh6 23. Nf3 {Schwarz muss nun Db1 beachten.} Nf6 24. Nxd4 Ng4 $2 {[#]} (24... Bh3 $16 25. Re2 Rfa8) 25. h4 $2 ({Weiss kommt nicht vorbei an} 25. h3 $1 $18) 25... Qf6 $1 $14 26. Re4 (26. Be4 $16) 26... Bd7 $11 27. f5 (27. Bf3 $11) 27... Ne5 $15 28. Qc3 Rfa8 29. Qc1 R8a3 30. Qf4 Nxc4 31. Rf2 Rxf2 32. Qxf2 Ne5 33. g4 {[#]} h6 $1 34. Bf1 Qf7 35. Nc2 $2 (35. Ne6 $17) 35... Ra2 $19 36. Rxe5 dxe5 37. Bc4 (37. Qe2 $142) 37... Rb2 38. Qe2 {[#]} b5 $1 39. Bd3 (39. Bxb5 Bxb5) 39... Qxd5 {...Lc6 ist eine echte Drohung.} 40. Be4 Qc4 41. Qf3 {[#]} Bc6 $1 {[%mdl 512]} 42. Bxc6 Qxc2 43. Bxb5 Qh2+ {Precision: Weiß = 45%, Schwarz = 63%.} 0-1

[Event "8th RTU Open 2018"]
[Site "Riga"]
[Date "2018.08.08"]
[Round "4"]
[White "Hovhannisyan, Robert"]
[Black "Fenil, Shah"]
[Result "1-0"]
[WhiteElo "2608"]
[BlackElo "2412"]
[Annotator "TA"]
[PlyCount "111"]
[EventDate "2018.08.06"]
[EventType "swiss"]
[EventCountry "LAT"]
[SourceTitle "playchess.com"]
[Source "ChessBase"]
[SourceQuality "1"]

{[%evp 22,111,35,23,37,38,56,47,50,46,84,70,83,74,99,89,86,70,71,71,84,70,67,63,63,65,63,20,19,9,18,23,65,31,20,0,0,0,0,0,0,0,0,-3,0,-17,0,0,0,0,0,0,0,0,0,0,0,0,0,0,35,12,35,37,39,37,34,22,196,174,175,174,174,176,176,178,288,275,254,193,199,205,534,522,6194,6170,29939,29953,12842,6410,5097,1428]} 1. e4 e6 2. d4 d5 3. Nc3 Nf6 4. Bg5 dxe4 5. Nxe4 Nbd7 6. Nxf6+ Nxf6 7. Nf3 h6 8. Bh4 Be7 9. Bd3 c5 10. dxc5 Qa5+ {C10: French with 3 Nc3: Unusual Black 3rd moves and 3...dxe4} 11. c3 Qxc5 12. O-O {LiveBook: 8 Games} b6 $146 {White has an edge.} ({Predecessor:} 12... O-O 13. Qe2 Rd8 14. Ne5 Bd7 15. Bxf6 Bxf6 16. Nxd7 Rxd7 {½-½ (16) Golubov,S (2446)-Lintchevski,D (2574) Pardubice 2015}) 13. Qe2 Bb7 14. Bb5+ Kf8 15. Ba6 Qc6 16. Rfd1 Qe4 17. Qf1 Bd5 18. Bg3 Nh5 19. Bd3 Qa4 20. Ne5 Nxg3 21. fxg3 {[%csl Ge5][%cal Rf1f7] [#]} Bf6 22. Bb5 Qc2 $1 23. Nd7+ Kg8 24. Nxf6+ gxf6 25. Rab1 Be4 26. Bc4 {[#] Black must now prevent Bb3.} Bf5 27. Bb3 (27. g4 $5 Bxg4 28. Bd3 $11) 27... Qe4 {Strongly threatening ...Qe3+.} 28. Re1 Qc6 29. Rbd1 Kg7 30. Rd4 Rad8 31. Red1 Qc5 32. Kh1 Rxd4 33. cxd4 Qe7 34. d5 Rd8 35. Re1 Qd6 36. Re3 Qc5 37. Rc3 Qd6 38. h3 Be4 39. dxe6 fxe6 40. Kh2 Qe5 {And now ...Rd2 would win.} 41. Qe2 f5 42. Bc2 Rd4 43. Bxe4 Rxe4 $14 {[%mdl 4096] Endgame KQR-KQR} 44. Qa6 Re3 $2 (44... Kf6 $1 $11 {and Black stays safe.}) 45. Qxa7+ Kg6 {( -> ...Qxg3+)} 46. Rxe3 Qxe3 $18 {KQ-KQ} 47. Qb8 e5 48. a4 Qd4 (48... f4 $142 49. Qg8+ Kf6) 49. Qg8+ Kf6 50. Qf8+ Kg6 51. b4 {[%cal Bb2b4,Bb4a5][%mdl 32]} Qd5 $2 (51... f4 {is tougher.} 52. gxf4 exf4) 52. Qb8 Qe6 {If Black can now play ...e4 this consolidates a bit.} 53. a5 bxa5 54. bxa5 Qa2 55. Qe8+ (55. Qd6+ $142 Kf7 56. Qxe5) 55... Kf6 56. Qh8+ {Precision: White = 82%, Black = 40%.} (56. Qf8+ $142 Kg6 57. Qd6+ Kf7 58. Qxe5) 1-0

[Event "8th RTU Open 2018"]
[Site "Riga"]
[Date "2018.08.08"]
[Round "4"]
[White "Smirin, Ilia"]
[Black "Sawlin, Leonid"]
[Result "1-0"]
[WhiteElo "2602"]
[BlackElo "2346"]
[Annotator "TA"]
[PlyCount "79"]
[EventDate "2018.08.06"]
[EventType "swiss"]
[EventCountry "LAT"]
[SourceTitle "playchess.com"]
[Source "ChessBase"]
[SourceQuality "1"]

{[%evp 22,79,14,13,33,31,19,14,17,22,22,26,35,0,0,0,0,0,0,0,17,0,0,0,101,109,412,410,412,412,440,450,535,545,542,520,665,343,666,649,1550,204,212,203,194,186,180,125,317,320,316,317,315,314,312,312,312,302,333,341]} 1. e4 e6 2. d4 d5 3. Nc3 Bb4 4. e5 c5 5. a3 Bxc3+ 6. bxc3 Qa5 7. Bd2 Qa4 8. Qg4 Kf8 9. Nf3 {C18: French: 3 Nc3 Bb4: Main line: 7 h4 and 7 Qg4} (9. h4 Nc6 10. h5 h6 11. Qd1 cxd4 12. Nf3 dxc3 13. Bxc3 g5 14. hxg6 Qe4+ 15. Be2 Qxg6 16. Qd2 Nge7 17. Bd3 Qxg2 18. Ke2 Qg4 19. Rh4 Qg7 20. Rg1 Ng6 21. Rf4 Nce7 22. Bb4 a5 23. Rxg6 {1-0 (23) Caruana,F (2804)-Lenderman,A (2599) Saint Louis 2018}) 9... Nc6 10. Be2 Nge7 11. Qf4 Qxc2 12. dxc5 {LiveBook: 6 Games} Qe4 $146 ({Predecessor:} 12... Ng6 13. Qe3 Qe4 14. Qxe4 dxe4 15. Ng5 Ncxe5 16. Nxe4 Bd7 {1-0 (44) Saric,I (2628)-Rapport,R (2680) Kozloduy 2013}) 13. Qxe4 dxe4 14. Ng5 Nxe5 15. Nxe4 Bd7 16. O-O Bc6 17. Nd6 Nd7 18. Bh5 f6 19. Rfe1 Nxc5 {next ...Rd8 is good for Black.} 20. Be3 Nd7 21. Rad1 $36 {[%mdl 2048] White has the initiative.} Nd5 22. Bd2 $1 g6 (22... Nc7 $11) 23. Rxe6 $16 Kg7 $2 {[%mdl 8192]} (23... Nc5 $16 24. Bh6+ Kg8) 24. c4 $18 Nc5 25. Ree1 (25. cxd5 Nxe6 26. dxc6 (26. dxe6 gxh5 27. e7 Rhg8 $14) 26... gxh5 $18) 25... gxh5 26. cxd5 Ba4 27. Re7+ Kg6 28. f4 {[%csl Gd6][%cal Bf2f4,Bf4f5][%mdl 32] [#]} h4 29. f5+ Kh5 30. Rf1 Rad8 31. Bf4 $2 (31. Rf4 {g4+ would kill now.} Bd1 32. Ne4 Nxe4 33. Rexe4) 31... Rd7 {[#]} 32. Ne8 $1 {[%cal Re8f6]} Rxe8 33. Rxe8 Rxd5 34. Rh8 ({Better is} 34. Re7 $18 Rd7 35. Rxd7 Nxd7 36. h3) 34... Rxf5 $2 (34... Rd7 $16 {keeps fighting.} 35. Be3 b6) 35. Rxh7+ {White has a decisive advantage.} Kg6 36. Rh6+ ({But not} 36. Rxh4 Bb5 $18) 36... Kf7 37. Be3 ({Don't play} 37. Rxh4 Bb5 $18) 37... Rxf1+ 38. Kxf1 Bb5+ 39. Kg1 Nd7 40. Bxa7 {Precision: White = 86%, Black = 41%.} ({Don't take} 40. Rxh4 a6 $18) 1-0

[Event "8th RTU Open 2018"]
[Site "Riga"]
[Date "2018.08.08"]
[Round "4"]
[White "Esipenko, Andrey"]
[Black "Chittka, Julius"]
[Result "1-0"]
[WhiteElo "2589"]
[BlackElo "2316"]
[Annotator "TA"]
[PlyCount "65"]
[EventDate "2018.08.06"]
[EventType "swiss"]
[EventCountry "LAT"]
[SourceTitle "playchess.com"]
[Source "ChessBase"]
[SourceQuality "1"]

{[%evp 24,65,51,35,50,52,89,93,75,60,67,55,102,100,98,114,112,95,121,84,204,197,324,311,337,341,342,333,338,329,349,362,348,346,648,594,2031,2029,29989,29990,29990,398,29991,29992]} 1. d4 Nf6 2. Nf3 g6 3. g3 Bg7 4. Bg2 d5 5. O-O O-O 6. c4 dxc4 7. Na3 c3 8. bxc3 c5 9. Re1 {D77: Fianchetto Grünfeld: 6 0-0: Replies other than 6...c6} Nc6 10. Bb2 Qb6 (10... Nd5 11. Qc2 cxd4 12. Nxd4 Nf6 13. Nxc6 bxc6 14. c4 Bf5 15. Qc1 Qc7 16. Nc2 Rab8 {1-0 (39) Mamedyarov,S (2809)-Grischuk,A (2767) Berlin 2018}) 11. Nc4 Qa6 12. Nce5 Nxe5 13. Nxe5 {LiveBook: 3 Games} Be6 14. Nd3 cxd4 $146 ({Predecessor:} 14... Qb6 15. Ba3 cxd4 16. Bxe7 Rfe8 {1-0 (38) Savant,R (2063)-Bar,A (2142) Groningen 2014}) 15. cxd4 Qb6 16. e4 Bc4 17. Ne5 Qxb2 18. Nxc4 Qb5 19. Qb3 $36 {[%mdl 2048] Keeping Black busy.} Qd7 20. Rad1 Rad8 21. d5 {[%cal Bd4d5,Bd5d6][%mdl 32]} Ng4 {[#]} (21... e6 $16) 22. Bh3 $1 $18 f5 (22... Rc8 $142 23. f3 Rxc4) 23. exf5 gxf5 24. d6 e6 25. Bxg4 fxg4 26. Ne5 Bxe5 27. Rxe5 Rf6 28. Qc4 Rc8 $2 (28... b6 29. Qxg4+ Rg6) 29. Qxg4+ Kf8 30. Rg5 {[#] Threatening mate with Rg8+.} Qf7 31. d7 Rd8 32. Qb4+ Qe7 33. Rg8+ {Precision: White = 86%, Black = 29%.} 1-0

[Event "8th RTU Open 2018"]
[Site "Riga"]
[Date "2018.08.08"]
[Round "4"]
[White "Schroeder, Jan Christian"]
[Black "Seeman, Tarvo"]
[Result "1-0"]
[WhiteElo "2573"]
[BlackElo "2405"]
[Annotator "ChessBase"]
[PlyCount "65"]
[EventDate "2018.08.06"]
[EventType "swiss"]
[EventCountry "LAT"]
[SourceTitle "playchess.com"]
[Source "ChessBase"]
[SourceQuality "1"]
[TimeControl "5400+30"]

1. e4 {[%emt 0:00:00]} d6 {[%emt 0:00:00]} 2. d4 {[%emt 0:00:00]} Nf6 {[%emt 0:00:00]} 3. Nc3 {[%emt 0:00:00]} e5 {[%emt 0:00:00]} 4. Nf3 {[%emt 0:00:00]} Nbd7 {[%emt 0:00:00]} 5. Bc4 {[%emt 0:00:00]} Be7 {[%emt 0:00:00]} 6. O-O {[%emt 0:00:04]} O-O {[%emt 0:00:00]} 7. a4 {[%emt 0:00:04]} a6 {[%emt 0:00:42]} 8. a5 {[%emt 0:00:04]} h6 {[%emt 0:01:20]} 9. Be3 {[%emt 0:29:20]} Re8 {[%emt 0:09:30]} 10. Qb1 {[%emt 0:10:47]} exd4 {[%emt 0:09:46]} 11. Bxd4 {[%emt 0:00:23]} Nf8 {[%emt 0:01:39]} 12. Qa2 {[%emt 0:00:40]} Be6 {[%emt 0:00:24]} 13. Rad1 {[%emt 0:04:04]} Qc8 {[%emt 0:04:07]} 14. Rfe1 {[%emt 0:04:06]} Ng6 {[%emt 0:09:41]} 15. Qb3 {[%emt 0:10:37]} Ng4 {[%emt 0:09:39]} 16. Bxe6 {[%emt 0:03:16]} fxe6 {[%emt 0:02:45]} 17. h3 {[%emt 0:00:12]} N4e5 {[%emt 0:00:32]} 18. Nxe5 {[%emt 0:01:14]} dxe5 {[%emt 0:00:25]} 19. Be3 {[%emt 0:00:12]} Rf8 {[%emt 0:06:24]} 20. Na4 {[%emt 0:01:06]} Rf7 {[%emt 0:03:51]} 21. Rd2 {[%emt 0:02:18]} Kh7 {[%emt 0:03:47]} 22. Red1 {[%emt 0:00:55]} Qe8 {[%emt 0:02:38]} 23. Rd7 {[%emt 0:05:25]} Bd6 {[%emt 0:01:53]} 24. Rxf7 {[%emt 0:00:35]} Qxf7 {[%emt 0:00:05]} 25. Qxb7 {[%emt 0:02:01]} Rf8 {[%emt 0:00:47]} 26. Qxa6 {[%emt 0:02:11]} Nh4 {[%emt 0:00:32]} 27. Qe2 {[%emt 0:03:09]} Ra8 {[%emt 0:01:54]} 28. Bd2 {[%emt 0:02:58]} h5 {[%emt 0:03:15]} 29. b4 {[%emt 0:02:23]} Qg6 {[%emt 0:01:30]} 30. f3 {[%emt 0:00:06]} Qf6 {[%emt 0:00:54]} 31. a6 {[%emt 0:03:29]} g5 {[%emt 0:00:42]} 32. b5 {[%emt 0:00:42]} Ng6 {[%emt 0:01:29]} 33. Be3 {[%emt 0:01:19]} 1-0